Home Print Resources E-Books E-Journals IIMT Lecture Series Library Membership Form Book Recommendation Form Campus Tour Take AdmissionAbout Us Contact Us

Modern Blood Banking & Transfusion Practices (Record no. 66257)

000 -LEADER
fixed length control field 00420nam a22001697a 4500
003 - CONTROL NUMBER IDENTIFIER
control field OSt
005 - DATE AND TIME OF LATEST TRANSACTION
control field 20250917192925.0
008 - FIXED-LENGTH DATA ELEMENTS--GENERAL INFORMATION
fixed length control field 250917b |||||||| |||| 00| 0 eng d
020 ## - INTERNATIONAL STANDARD BOOK NUMBER
International Standard Book Number 9789366168524
040 ## - CATALOGING SOURCE
Transcribing agency IIMT University
100 ## - MAIN ENTRY--PERSONAL NAME
Personal name DENISE M HARMENING
245 ## - TITLE STATEMENT
Title Modern Blood Banking & Transfusion Practices
250 ## - EDITION STATEMENT
Edition statement 7th
260 ## - PUBLICATION, DISTRIBUTION, ETC.
Place of publication, distribution, etc. New Delhi
Name of publisher, distributor, etc. Jaypee
Date of publication, distribution, etc. 2025
300 ## - PHYSICAL DESCRIPTION
Extent 669
942 ## - ADDED ENTRY ELEMENTS (KOHA)
Source of classification or shelving scheme
Koha item type Book Bank
Edition 7th
Holdings
Withdrawn status Lost status Source of classification or shelving scheme Damaged status Not for loan Home library Current library Date acquired Source of acquisition Coded location qualifier Inventory number Barcode Date last seen Uniform Resource Identifier Price effective from Koha item type
          IIMT University Central Library Meerut IIMT University Central Library Meerut 09/17/2025 R. Lall Allied Sci DE/IN/78822,17-09-2025 01-B-145316 09/17/2025 medical science 09/17/2025 Book Bank
          IIMT University Central Library Meerut IIMT University Central Library Meerut 09/17/2025 R. Lall Allied Sci DE/IN/78822,17-09-2025 01-B-145317 09/17/2025 medical science 09/17/2025 Book Bank
IIMT, Central Library. All Rights Reserved IIMT,UNIVERSITY © 2023
Implemented and Customised by I CLOUDE EMS
You Are OPAC Visitor No
free web counter

Powered by Koha